[Event "CAN-ch U20 2000"]
[Site "Montreal CAN"]
[Date "2000.05.04"]
[Round "3"]
[White "Masse, Hugues"]
[Black "Johnson, Kyle"]
[Result "1/2-1/2"]
[WhiteElo "2042"]
[BlackElo "1584"]
[PlyCount "124"]
[GameId "2160767911716212"]
[EventDate "2000.05.03"]
[EventType "swiss"]
[EventRounds "8"]
[EventCountry "CAN"]

1. e4 e5 2. Nc3 d6 3. d4 exd4 4. Qxd4 Nc6 5. Bb5 Bd7 6. Bxc6 Bxc6 7. Nf3 Nf6 8. O-O Be7 9. Re1 O-O 10. Bg5 Re8 11. Rad1 Nd7 12. Bxe7 Qxe7 13. Nd5 Bxd5 14. exd5 Qf6 15. Qb4 Nc5 16. Qb5 Kf8 17. b4 a6 18. Qc4 b5 19. Qg4 Na4 20. Ng5 Qg6 21. Qf4 Kg8 22. Ne4 Re5 23. f3 Rae8 24. Qd2 Nb2 25. Rb1 Nc4 26. Qf2 f6 27. Ng3 Ne3 28. f4 R5e7 29. f5 Qg5 30. Qd2 Re5 31. Qf2 Nxd5 32. Rxe5 fxe5 33. Rb3 Nb6 34. h3 Rf8 35. Rf3 Nd5 36. a3 Qe7 37. Ne4 Nf4 38. g4 Qf7 39. Kh2 h5 40. Qh4 Qd5 41. Ng5 Rf6 42. Rf2 Rh6 43. gxh5 Rxh5 44. Qg4 Rh6 45. h4 Qd4 46. Qg3 Nh5 47. Nf3 Qf4 48. Qxf4 Nxf4 49. Kg3 Kf7 50. Kg4 Kf6 51. Ng5 g6 52. fxg6 Kxg6 53. Rf3 Rh8 54. Rc3 Nd5 55. Rf3 Nf6+ 56. Kg3 d5 57. Rc3 Nh5+ 58. Kg4 Nf6+ 59. Kg3 Nh5+ 60. Kg4 Nf6+ 61. Kg3 Nh5+ 62. Kg4 Nf6+ 1/2-1/2

[Event "CAN-ch U20 2000"]
[Site "Montreal CAN"]
[Date "2000.05.04"]
[Round "3"]
[White "Michalowski, Lukasz"]
[Black "Vaingorten, Yaaqov"]
[Result "0-1"]
[WhiteElo "1867"]
[BlackElo "2253"]
[PlyCount "102"]
[GameId "2160767911716213"]
[EventDate "2000.05.03"]
[EventType "swiss"]
[EventRounds "8"]
[EventCountry "CAN"]

1. d4 Nf6 2. c4 g6 3. Nc3 Bg7 4. e4 d6 5. Nf3 O-O 6. Be2 e5 7. O-O Na6 8. d5 Nc5 9. Qc2 a5 10. Nd2 a4 11. b4 axb3 12. Nxb3 Nfd7 13. Be3 f5 14. Nxc5 Nxc5 15. f3 f4 16. Bf2 h5 17. Rfb1 g5 18. Qd1 Rf6 19. a4 Rg6 20. h3 Bf8 21. Rb5 Qd7 22. a5 Qh7 23. Bxc5 dxc5 24. Kf2 g4 25. Bf1 gxh3 26. gxh3 Qg7 27. Ne2 Qf6 28. Ke1 Qh4+ 29. Kd2 Qf2 30. Rb3 Rg3 31. Qe1 Rxf3 32. Qxf2 Rxf2 33. Ke1 Rh2 34. Rba3 Be7 35. R1a2 Bh4+ 36. Kd2 Rf2 37. Ke1 f3 38. Ra1 fxe2 39. Bxe2 Ra6 40. Kd1 Rg6 41. R1a2 Rg1+ 42. Kd2 Bg5+ 43. Kc3 Rgg2 44. a6 bxa6 45. Ra5 Be3 46. Kd3 Rg3 47. Rd2 Bxd2+ 48. Kxd2 Rgg2 49. Rxc5 Rxe2+ 50. Kd1 Ra2 51. d6 Ra1# 0-1

[Event "CAN-ch U20 2000"]
[Site "Montreal CAN"]
[Date "2000.05.04"]
[Round "3"]
[White "Miron, Francois"]
[Black "Ramaswamy, Kiran"]
[Result "1-0"]
[WhiteElo "1969"]
[BlackElo "1714"]
[PlyCount "55"]
[GameId "2160767911716214"]
[EventDate "2000.05.03"]
[EventType "swiss"]
[EventRounds "8"]
[EventCountry "CAN"]

1. e4 c5 2. Nc3 Nc6 3. f4 e6 4. Nf3 Nge7 5. Bb5 a6 6. Bxc6 bxc6 7. e5 Nd5 8. O-O Nxf4 9. d4 cxd4 10. Qxd4 Ng6 11. Ne4 Rb8 12. h4 Rb4 13. c4 c5 14. Qf2 f5 15. exf6 gxf6 16. h5 Bb7 17. Nfg5 Bxe4 18. Nxe4 f5 19. hxg6 hxg6 20. b3 Bg7 21. Bb2 Qc7 22. Ng3 Bxb2 23. Qxb2 Rh4 24. Rf3 g5 25. Qf6 Rg4 26. Nh5 d6 27. Qxe6+ Qe7 28. Nf6+ 1-0

[Event "CAN-ch U20 2000"]
[Site "Montreal CAN"]
[Date "2000.05.04"]
[Round "3"]
[White "Pescarus, Radu"]
[Black "Robichaud, Martin"]
[Result "1-0"]
[WhiteElo "2005"]
[BlackElo "1945"]
[PlyCount "79"]
[GameId "2160767911716216"]
[EventDate "2000.05.03"]
[EventType "swiss"]
[EventRounds "8"]
[EventCountry "CAN"]

1. e4 e6 2. d4 d5 3. Nd2 Nf6 4. e5 Nfd7 5. Bd3 c5 6. c3 Nc6 7. Ne2 c4 8. Bc2 b5 9. O-O a5 10. f4 g6 11. Nf3 Nb6 12. a3 a4 13. Be3 Na5 14. Qe1 Nb3 15. Rb1 Bd7 16. h3 Nc8 17. g4 Ne7 18. Ng3 h6 19. Kg2 Qc7 20. Nh4 O-O-O 21. Qf2 h5 22. Nf3 Bh6 23. Ng5 Bxg5 24. fxg5 hxg4 25. hxg4 Rdf8 26. Rh1 Rxh1 27. Rxh1 Qd8 28. Ne2 Qe8 29. Rf1 Qd8 30. Nf4 Rh8 31. Nh3 Be8 32. Qf6 Rh7 33. Qf3 Na5 34. Nf4 Bd7 35. Nh5 Qh8 36. Qf6 Qxf6 37. gxf6 Nf5 38. gxf5 Rxh5 39. fxg6 fxg6 40. Bxg6 1-0

[Event "CAN-ch U20 2000"]
[Site "Montreal CAN"]
[Date "2000.05.04"]
[Round "3"]
[White "Raheb, David"]
[Black "Gushuliak, Justin"]
[Result "0-1"]
[WhiteElo "2148"]
[BlackElo "2097"]
[PlyCount "52"]
[GameId "2160767911716217"]
[EventDate "2000.05.03"]
[EventType "swiss"]
[EventRounds "8"]
[EventCountry "CAN"]

1. d4 Nf6 2. c4 c5 3. e3 g6 4. Nc3 Bg7 5. Nf3 cxd4 6. Nxd4 d5 7. Qb3 dxc4 8. Bxc4 O-O 9. O-O e5 10. Nf3 Nc6 11. Rd1 Qe7 12. e4 Bg4 13. Bg5 Bxf3 14. gxf3 Nd4 15. Nd5 Qd6 16. Qd3 Nxd5 17. Bxd5 h6 18. Bd2 Rad8 19. Rac1 Kh8 20. Bc3 Ne6 21. Qc4 Nf4 22. Bb4 Qf6 23. Kh1 Nxd5 24. Bxf8 Qxf3+ 25. Kg1 Nf4 26. Bxg7+ Kxg7 0-1

[Event "CAN-ch U20 2000"]
[Site "Montreal CAN"]
[Date "2000.05.04"]
[Round "3"]
[White "Ramaswamy, Kishor"]
[Black "Hare, Scott"]
[Result "1/2-1/2"]
[WhiteElo "1525"]
[BlackElo "1967"]
[PlyCount "141"]
[GameId "2160767911716218"]
[EventDate "2000.05.03"]
[EventType "swiss"]
[EventRounds "8"]
[EventCountry "CAN"]

1. d4 Nf6 2. Nf3 d5 3. c4 c6 4. Nc3 dxc4 5. a4 Bf5 6. Bg5 Nd5 7. Rc1 Qa5 8. e3 Nxc3 9. Rxc3 e6 10. Nd2 b5 11. axb5 cxb5 12. e4 Bg6 13. d5 Bb4 14. Rc1 exd5 15. exd5 O-O 16. Ra1 Qb6 17. Be3 Bc5 18. Bxc5 Qxc5 19. Be2 Nd7 20. O-O Ne5 21. Nf3 Nd3 22. b3 Qxd5 23. bxc4 bxc4 24. Nd2 Qc5 25. Bf3 Rad8 26. Be4 Ne5 27. Bxg6 fxg6 28. Qc2 Qd4 29. Ne4 Rb8 30. Ng5 Rb2 31. Ne6 Rxc2 32. Nxd4 Rd2 33. Ne6 Re8 34. Nc7 Re7 35. Rxa7 c3 36. Ra8+ Kf7 37. Nb5 c2 38. Rc8 Nd3 39. Nd6+ Ke6 40. Ne4 Re2 41. Ng3 c1=Q 42. Rcxc1 Nxc1 43. Rxc1 Re5 44. Nf1 Rb7 45. Ne3 Ra5 46. g3 Ra2 47. Re1 Kf7 48. Nc4 Kf8 49. Kg2 Rf7 50. Rf1 Rc7 51. Ne3 Re7 52. Kf3 Rf7+ 53. Kg2 h5 54. Nd5 Kg8 55. h4 Kh7 56. Nf4 Rd7 57. Nh3 Ra5 58. Re1 Kh6 59. Re8 g5 60. Nxg5 Rxg5 61. hxg5+ Kxg5 62. Re5+ Kg6 63. Ra5 Rf7 64. Rb5 Rf5 65. Rb6+ Rf6 66. Rb5 Kh6 67. Ra5 g5 68. Ra4 g4 69. Ra5 Kg6 70. Rb5 Rf5 71. Rb6+ 1/2-1/2

[Event "CAN-ch U20 2000"]
[Site "Montreal CAN"]
[Date "2000.05.04"]
[Round "3"]
[White "Rodina, Nataliya"]
[Black "Reddy, Tyler"]
[Result "1-0"]
[WhiteElo "1962"]
[BlackElo "2185"]
[PlyCount "95"]
[GameId "2160767911716219"]
[EventDate "2000.05.03"]
[EventType "swiss"]
[EventRounds "8"]
[EventCountry "CAN"]

1. e4 e6 2. d4 d5 3. exd5 exd5 4. Nf3 Bd6 5. c4 c6 6. Nc3 Ne7 7. Bd3 dxc4 8. Bxc4 O-O 9. O-O h6 10. h3 Nd7 11. Ne4 Bc7 12. Re1 Ng6 13. Nc3 Nf4 14. Ne5 Nxe5 15. dxe5 Ng6 16. Qxd8 Rxd8 17. e6 Bxe6 18. Bxe6 fxe6 19. Rxe6 Kf7 20. Re2 Nf4 21. Bxf4 Bxf4 22. Ne4 Rd5 23. Rae1 Rad8 24. g3 Bb8 25. Nc3 R8d7 26. Ne4 Rd1 27. Kf1 Rxe1+ 28. Kxe1 Rd5 29. Nc3 Re5 30. Rxe5 Bxe5 31. Kd2 Ke6 32. b3 Kf5 33. Nd1 Ke4 34. Ke2 a5 35. Ne3 b5 36. f3+ Kd4 37. f4 Bf6 38. Ng4 Ke4 39. Nf2+ Kd4 40. Ng4 c5 41. h4 h5 42. Nxf6 gxf6 43. g4 Ke4 44. gxh5 Kf5 45. Kd3 Ke6 46. a4 bxa4 47. bxa4 Kf7 48. Kc4 1-0

[Event "CAN-ch U20 2000"]
[Site "Montreal CAN"]
[Date "2000.05.05"]
[Round "4"]
[White "Bachand-Fleurent, Julien"]
[Black "Perecowicz, Jonathan"]
[Result "1-0"]
[WhiteElo "1899"]
[BlackElo "1286"]
[PlyCount "77"]
[GameId "2160767911716223"]
[EventDate "2000.05.03"]
[EventType "swiss"]
[EventRounds "8"]
[EventCountry "CAN"]

1. e4 c6 2. d4 d5 3. Nc3 dxe4 4. Nxe4 Bf5 5. Ng3 Bg6 6. h4 h6 7. h5 Bh7 8. Nf3 Nf6 9. Bd3 Bxd3 10. Qxd3 Qc7 11. Bd2 e6 12. O-O-O Bd6 13. Ne4 Nbd7 14. Nxd6+ Qxd6 15. g3 O-O-O 16. Bf4 Qd5 17. c4 Qa5 18. a3 Nc5 19. Qc2 Nce4 20. Ne5 Rhf8 21. Rd3 c5 22. f3 Nd6 23. dxc5 Qxc5 24. b4 Qc7 25. c5 Nf5 26. Nd7 Qc6 27. Nxf8 Rxf8 28. a4 a6 29. g4 Nxg4 30. b5 axb5 31. axb5 Qxb5 32. fxg4 Ne7 33. Bd6 Re8 34. Bxe7 Rxe7 35. Rhd1 Qa5 36. Qb2 f6 37. Ra3 Qxc5+ 38. Kb1 Qxa3 39. Qxa3 1-0

[Event "CAN-ch U20 2000"]
[Site "Montreal CAN"]
[Date "2000.05.05"]
[Round "4"]
[White "Cormos, Eugene"]
[Black "Rodina, Nataliya"]
[Result "1/2-1/2"]
[WhiteElo "2069"]
[BlackElo "1962"]
[PlyCount "33"]
[GameId "2160767911716224"]
[EventDate "2000.05.03"]
[EventType "swiss"]
[EventRounds "8"]
[EventCountry "CAN"]

1. e4 c5 2. c3 d5 3. exd5 Qxd5 4. d4 Nc6 5. Nf3 e6 6. Bd3 Nf6 7. O-O Be7 8. Be3 cxd4 9. cxd4 O-O 10. Nc3 Qa5 11. a3 Nd5 12. Rc1 Bf6 13. Bb1 Nxc3 14. Rxc3 Ne7 15. Qd3 a6 16. Rc5 Qd8 17. Rcc1 1/2-1/2

[Event "CAN-ch U20 2000"]
[Site "Montreal CAN"]
[Date "2000.05.05"]
[Round "4"]
[White "Gottlieb, Jonathan"]
[Black "Egorov, Mikhail"]
[Result "1/2-1/2"]
[WhiteElo "2143"]
[BlackElo "1962"]
[PlyCount "24"]
[GameId "2160767911716225"]
[EventDate "2000.05.03"]
[EventType "swiss"]
[EventRounds "8"]
[EventCountry "CAN"]

1. e4 e5 2. Nf3 Nc6 3. Bc4 Be7 4. d4 exd4 5. Nxd4 Nf6 6. Nc3 d6 7. O-O O-O 8. h3 Re8 9. f4 Bf8 10. Nxc6 bxc6 11. Qf3 Bb7 12. Re1 Rb8 1/2-1/2

[Event "CAN-ch U20 2000"]
[Site "Montreal CAN"]
[Date "2000.05.05"]
[Round "4"]
[White "Hare, Scott"]
[Black "Guo, Joshua"]
[Result "0-1"]
[WhiteElo "1967"]
[BlackElo "2202"]
[PlyCount "80"]
[GameId "2160767911716227"]
[EventDate "2000.05.03"]
[EventType "swiss"]
[EventRounds "8"]
[EventCountry "CAN"]

1. d4 Nf6 2. c4 c5 3. d5 b5 4. cxb5 a6 5. bxa6 Bxa6 6. Nc3 d6 7. Nf3 g6 8. g3 Nbd7 9. Bg2 Nb6 10. O-O Bg7 11. Re1 O-O 12. e4 Nfd7 13. Bf4 Nc4 14. Qc1 Qa5 15. Bh6 Rfb8 16. Bxg7 Kxg7 17. b3 Nce5 18. Nxe5 Nxe5 19. Re3 Rb4 20. f4 Ng4 21. Re1 c4 22. Qd2 Qc5+ 23. Kh1 Nf2+ 24. Kg1 Nxe4+ 25. Qe3 Nxc3 26. Qxc5 dxc5 27. Re3 Nb5 28. d6 Rb8 29. dxe7 Nc7 30. Rd1 cxb3 31. axb3 Bb5 32. Rd8 Be8 33. Bd5 R4b6 34. Bc4 Ne6 35. Red3 Nd4 36. Re3 Kf6 37. g4 Ne6 38. f5 Nxd8 39. exd8=Q+ Rxd8 40. fxg6 hxg6 0-1

[Event "CAN-ch U20 2000"]
[Site "Montreal CAN"]
[Date "2000.05.05"]
[Round "4"]
[White "Kenney, Jason"]
[Black "Buscar, Michael"]
[Result "1-0"]
[WhiteElo "1907"]
[BlackElo "2061"]
[PlyCount "93"]
[GameId "2160767911716229"]
[EventDate "2000.05.03"]
[EventType "swiss"]
[EventRounds "8"]
[EventCountry "CAN"]

1. d4 d5 2. c4 e6 3. Nc3 c6 4. cxd5 exd5 5. Qc2 Nf6 6. Bg5 Be7 7. e3 Nbd7 8. Bd3 O-O 9. Nge2 Re8 10. O-O Nf8 11. f3 h6 12. Bh4 Ne6 13. Rad1 a6 14. Bf2 Bf8 15. e4 dxe4 16. fxe4 Ng4 17. e5 Nc7 18. Bc4 Nd5 19. Bxd5 cxd5 20. Nf4 Be6 21. Nxe6 fxe6 22. Qe2 Nxf2 23. Rxf2 Be7 24. Qg4 Qd7 25. Rd3 Rad8 26. Rg3 Bb4 27. Ne2 Be1 28. Rff3 Bxg3 29. Rxg3 Rc8 30. h4 Rc4 31. b3 Rc7 32. Nf4 Qf7 33. Rf3 Qe7 34. Nh5 Rf8 35. Nf6+ Rxf6 36. exf6 Qd6 37. Re3 e5 38. dxe5 Qb6 39. Kf2 Rc2+ 40. Kf3 Rc7 41. e6 Qc6 42. Kg3 Qc1 43. Qd4 Rc8 44. f7+ Kf8 45. Qb4+ Rc5 46. e7+ Kxf7 47. e8=Q+ 1-0

[Event "CAN-ch U20 2000"]
[Site "Montreal CAN"]
[Date "2000.05.05"]
[Round "4"]
[White "Liu, Ming"]
[Black "Timbaliuk, Veaceslav"]
[Result "1-0"]
[WhiteElo "1303"]
[BlackElo "1294"]
[PlyCount "69"]
[GameId "2160767911716231"]
[EventDate "2000.05.03"]
[EventType "swiss"]
[EventRounds "8"]
[EventCountry "CAN"]

1. d4 Nf6 2. c4 g6 3. Nc3 Bg7 4. e4 d6 5. Nf3 O-O 6. Bf4 c5 7. d5 e6 8. Bd3 Nh5 9. Bd2 exd5 10. exd5 Re8+ 11. Be2 Bg4 12. O-O Bxc3 13. Bxc3 Nf4 14. Bd3 Nxd3 15. Qxd3 Nd7 16. h3 Bf5 17. Qd2 Be4 18. Qh6 f6 19. Ng5 Re7 20. Ne6 Qc8 21. Rfe1 Bf5 22. Nf4 Ne5 23. b3 Nf7 24. Qh4 Rxe1+ 25. Rxe1 g5 26. Qg3 Ne5 27. Nh5 Qf8 28. f4 Nd7 29. fxg5 Kf7 30. gxf6 Re8 31. Rf1 Bg6 32. Ng7 Re4 33. Ne6 Qe8 34. Ng5+ Kg8 35. f7+ 1-0

[Event "CAN-ch U20 2000"]
[Site "Montreal CAN"]
[Date "2000.05.05"]
[Round "4"]
[White "Michalowski, Lukasz"]
[Black "Nathani, Kaleim"]
[Result "0-1"]
[WhiteElo "1867"]
[BlackElo "1909"]
[PlyCount "88"]
[GameId "2160767911716232"]
[EventDate "2000.05.03"]
[EventType "swiss"]
[EventRounds "8"]
[EventCountry "CAN"]

1. d4 Nf6 2. c4 c5 3. d5 b5 4. Nc3 b4 5. Nb1 d6 6. Nd2 g6 7. b3 Bg7 8. Bb2 O-O 9. e4 a5 10. a4 bxa3 11. Rxa3 Na6 12. Ngf3 Nb4 13. Be2 Bd7 14. O-O Qb6 15. Qb1 a4 16. Bd1 axb3 17. Nxb3 Rxa3 18. Bxa3 Ra8 19. Bb2 Ba4 20. Re1 Bxb3 21. Bxb3 Nbxd5 22. e5 Qxb3 23. exd6 Qxc4 24. Bxf6 Bxf6 25. d7 Rd8 26. Qb7 e6 27. g3 Qa4 28. Qc8 Qxd7 29. Qxc5 Rc8 30. Qa3 Qc7 31. Kg2 Qc6 32. Rh1 g5 33. h3 Be7 34. Qa7 Ra8 35. Qd4 Ra3 36. Rb1 Bf8 37. Qg4 Ne3+ 38. fxe3 Qc2+ 39. Nd2 Qxd2+ 40. Kh1 Qd5+ 41. Kg1 Ra2 42. e4 Qd4+ 43. Kh1 Qd2 44. Rb2 Ra1+ 0-1

[Event "CAN-ch U20 2000"]
[Site "Montreal CAN"]
[Date "2000.05.05"]
[Round "4"]
[White "Miron, Francois"]
[Black "Bluvshtein, Mark"]
[Result "0-1"]
[WhiteElo "1969"]
[BlackElo "2283"]
[PlyCount "66"]
[GameId "2160767911716233"]
[EventDate "2000.05.03"]
[EventType "swiss"]
[EventRounds "8"]
[EventCountry "CAN"]

1. e4 e6 2. d4 d5 3. exd5 exd5 4. c4 Nf6 5. Nc3 Be7 6. Bd3 Nc6 7. Nge2 Nb4 8. Bf4 c6 9. O-O O-O 10. Ng3 Nxd3 11. Qxd3 dxc4 12. Qxc4 Be6 13. Qd3 Nd5 14. Be3 Qd7 15. Nce4 Rad8 16. Rfd1 Bg4 17. f3 Nxe3 18. Qxe3 Be6 19. Ne2 Rfe8 20. N2c3 Bc4 21. Qf2 b6 22. Rd2 f5 23. Ng3 c5 24. d5 Bf6 25. Nge2 Qd6 26. Rad1 Rd7 27. Kh1 Rde7 28. f4 Re3 29. g3 a5 30. Rc1 b5 31. Rcc2 b4 32. Nd1 Rxe2 33. Rxe2 Qxd5+ 0-1

[Event "CAN-ch U20 2000"]
[Site "Montreal CAN"]
[Date "2000.05.05"]
[Round "4"]
[White "Olson, Hans"]
[Black "Raheb, David"]
[Result "1-0"]
[WhiteElo "2022"]
[BlackElo "2148"]
[PlyCount "89"]
[GameId "2160767911716234"]
[EventDate "2000.05.03"]
[EventType "swiss"]
[EventRounds "8"]
[EventCountry "CAN"]

1. e4 c5 2. Nc3 Nc6 3. f4 g6 4. Nf3 Bg7 5. Bb5 Nd4 6. a4 a6 7. Bc4 e6 8. O-O Ne7 9. e5 d5 10. exd6 Qxd6 11. Ne4 Qc7 12. c3 Ndf5 13. d3 O-O 14. g4 Nd6 15. Nxd6 Qxd6 16. Qe1 Bd7 17. Qh4 b5 18. Ng5 h6 19. Ne4 Qc6 20. Bxb5 axb5 21. Qxe7 Rfe8 22. Qxc5 bxa4 23. Be3 Reb8 24. Rf2 Rb5 25. Qe7 Re8 26. Nf6+ Bxf6 27. Qxf6 e5 28. Qxc6 Bxc6 29. f5 Rd5 30. fxg6 fxg6 31. Rf6 Rxd3 32. Rxg6+ Kf7 33. Rxc6 Rxe3 34. Rxa4 Re2 35. Rxh6 Rxb2 36. Ra7+ Kg8 37. Rah7 Rc2 38. Rh8+ Kg7 39. Rxe8 Kxh6 40. Rxe5 Rxc3 41. Kg2 Ra3 42. Rf5 Kg6 43. Rf3 Ra2+ 44. Kg3 Ra1 45. h4 1-0

[Event "CAN-ch U20 2000"]
[Site "Montreal CAN"]
[Date "2000.05.05"]
[Round "4"]
[White "Pescarus, Radu"]
[Black "Goldenberg, Danny"]
[Result "0-1"]
[WhiteElo "2005"]
[BlackElo "2321"]
[PlyCount "88"]
[GameId "2160767911716235"]
[EventDate "2000.05.03"]
[EventType "swiss"]
[EventRounds "8"]
[EventCountry "CAN"]

1. e4 g6 2. d4 Bg7 3. Nc3 c6 4. Nf3 d6 5. Be3 Nd7 6. Qd2 Qc7 7. h4 h5 8. Bc4 Nh6 9. Ng5 Nb6 10. Bb3 e6 11. O-O-O Bd7 12. f3 O-O-O 13. Qf2 Rde8 14. Qg3 Kb8 15. Rhf1 Re7 16. Bf4 Nc8 17. Rd2 Bf8 18. Qf2 f6 19. Nh3 Rg7 20. Be3 d5 21. Bf4 Bd6 22. Qe3 Nf7 23. Bxd6 Qxd6 24. Ne2 Ne7 25. Kb1 e5 26. dxe5 fxe5 27. Ng5 Nxg5 28. Qxg5 Rf7 29. Rfd1 Be6 30. Ng3 d4 31. Bxe6 Qxe6 32. Ne2 c5 33. Qg3 Nc6 34. c3 Ka8 35. cxd4 exd4 36. Nf4 Na5 37. Nd3 Nc4 38. Re2 Rc8 39. Rc1 Rcc7 40. Rec2 Qa6 41. Ka1 Nd2 42. Rxc5 Nb3+ 43. Kb1 Qxd3+ 44. R5c2 Nxc1 0-1

[Event "CAN-ch U20 2000"]
[Site "Montreal CAN"]
[Date "2000.05.05"]
[Round "4"]
[White "Ramaswamy, Kiran"]
[Black "Khaziyeva, Dinara"]
[Result "0-1"]
[WhiteElo "1714"]
[BlackElo "1912"]
[PlyCount "60"]
[GameId "2160767911716236"]
[EventDate "2000.05.03"]
[EventType "swiss"]
[EventRounds "8"]
[EventCountry "CAN"]

1. e4 c5 2. Nc3 e6 3. f4 Nc6 4. Nf3 a6 5. g3 d5 6. d3 d4 7. Ne2 f5 8. Bg2 Nf6 9. e5 Nd5 10. c3 dxc3 11. bxc3 Be7 12. O-O O-O 13. c4 Ndb4 14. d4 cxd4 15. Nfxd4 Nxd4 16. Nxd4 Bc5 17. Be3 Qb6 18. Rf2 Rd8 19. Rd2 Bd7 20. Rb1 Ba4 21. Qxa4 Bxd4 22. Bxd4 Rxd4 23. Rxb4 Qd8 24. Rxd4 Qxd4+ 25. Kf1 Qd3+ 26. Ke1 Qc3+ 27. Kf1 Qc1+ 28. Kf2 Rd8 29. Qb3 Rd2+ 30. Kf3 Qg1 0-1

[Event "CAN-ch U20 2000"]
[Site "Montreal CAN"]
[Date "2000.05.05"]
[Round "4"]
[White "Ramaswamy, Kishor"]
[Black "Masse, Hugues"]
[Result "1-0"]
[WhiteElo "1525"]
[BlackElo "2042"]
[PlyCount "77"]
[GameId "2160767911716237"]
[EventDate "2000.05.03"]
[EventType "swiss"]
[EventRounds "8"]
[EventCountry "CAN"]

1. d4 f5 2. c4 Nf6 3. Nc3 g6 4. Nf3 Bg7 5. Bg5 O-O 6. e3 d6 7. Be2 c6 8. Qc2 Qe8 9. O-O e5 10. dxe5 dxe5 11. b4 h6 12. Bxf6 Bxf6 13. h3 Be6 14. b5 Nd7 15. Rfd1 Qf7 16. bxc6 bxc6 17. Rd6 Rfc8 18. Rad1 Rc7 19. Qa4 Nb6 20. Qa6 e4 21. Nd4 Bxd4 22. R1xd4 c5 23. Rd1 Rf8 24. a4 Kg7 25. a5 Bxc4 26. axb6 Bxa6 27. bxc7 Bc8 28. Nd5 Bb7 29. Nf4 Re8 30. Rxg6+ Kf8 31. Rdd6 Ke7 32. Rge6+ Kf8 33. Rf6 Rc8 34. Rxf7+ Kxf7 35. Nd5 a5 36. Nb6 Rxc7 37. Rd7+ Rxd7 38. Nxd7 Bc6 39. Ne5+ 1-0

[Event "CAN-ch U20 2000"]
[Site "Montreal CAN"]
[Date "2000.05.05"]
[Round "4"]
[White "Reddy, Tyler"]
[Black "Feoktistov, Dmitri"]
[Result "1/2-1/2"]
[WhiteElo "2185"]
[BlackElo "1937"]
[PlyCount "112"]
[GameId "2160767911716238"]
[EventDate "2000.05.03"]
[EventType "swiss"]
[EventRounds "8"]
[EventCountry "CAN"]

1. c4 e6 2. Nf3 d5 3. b3 Nf6 4. Bb2 Be7 5. d3 O-O 6. g3 b6 7. Bg2 Bb7 8. O-O c5 9. cxd5 exd5 10. d4 Nc6 11. Nc3 Re8 12. Rc1 Rc8 13. Bh3 Rb8 14. dxc5 bxc5 15. Na4 Ba6 16. Re1 c4 17. bxc4 Bxc4 18. Ne5 Nxe5 19. Bxe5 Rb7 20. Nb2 Qa5 21. Nxc4 dxc4 22. Bxf6 Bxf6 23. Rxc4 Qxa2 24. Qd5 Rbe7 25. e3 h6 26. Qc6 Qa5 27. Rd1 Qe5 28. Rd5 Qb8 29. Kg2 Qa8 30. Qxa8 Rxa8 31. Ra5 Rb8 32. Rca4 Rbb7 33. Kf3 g6 34. Ra6 Bg7 35. Rd6 Kh7 36. Bf1 Rbc7 37. Rda6 Red7 38. Bh3 Re7 39. Bf1 Red7 40. Be2 Rd2 41. Ra2 Rxa2 42. Rxa2 Re7 43. Bd3 Rd7 44. Bc4 Rc7 45. Bd5 Rd7 46. Be4 Re7 47. g4 Bf6 48. Ra4 Kg7 49. Kg3 Rc7 50. h4 g5 51. hxg5 hxg5 52. f4 gxf4+ 53. exf4 Be7 54. g5 Rc5 55. Kg4 a5 56. f5 Rb5 1/2-1/2

[Event "CAN-ch U20 2000"]
[Site "Montreal CAN"]
[Date "2000.05.05"]
[Round "4"]
[White "Robichaud, Martin"]
[Black "Caire, Francois"]
[Result "1/2-1/2"]
[WhiteElo "1945"]
[BlackElo "1799"]
[PlyCount "118"]
[GameId "2160767911716239"]
[EventDate "2000.05.03"]
[EventType "swiss"]
[EventRounds "8"]
[EventCountry "CAN"]

1. e4 c5 2. Nf3 Nc6 3. Bb5 g6 4. c3 Bg7 5. Bxc6 dxc6 6. d4 cxd4 7. cxd4 Bg4 8. Be3 Bxf3 9. gxf3 Qd7 10. Nc3 Rd8 11. Ne2 e5 12. d5 cxd5 13. Qxd5 Qxd5 14. exd5 a6 15. Nc3 Ne7 16. Rd1 b5 17. Bb6 Rd7 18. d6 Nc8 19. Bc7 f5 20. O-O Bf8 21. Rfe1 Bxd6 22. Bxd6 Rxd6 23. Rxe5+ Kd7 24. Rxd6+ Nxd6 25. Nd5 Re8 26. Re3 Rxe3 27. fxe3 Ke6 28. Nf4+ Kd7 29. Kf2 Nc4 30. b3 Ne5 31. Ke2 Kd6 32. h4 h6 33. Nd3 Nxd3 34. Kxd3 Kd5 35. Ke2 g5 36. hxg5 hxg5 37. Kf2 a5 38. Kg3 Ke5 39. a3 Kd5 40. a4 bxa4 41. bxa4 Kc4 42. f4 g4 43. e4 fxe4 44. f5 e3 45. f6 e2 46. Kf2 Kd3 47. f7 Kd2 48. f8=Q e1=Q+ 49. Kg2 Qe4+ 50. Kg3 Qxa4 51. Qd6+ Kc3 52. Qe5+ Kb3 53. Qe3+ Kc2 54. Qe2+ Kc1 55. Qe3+ Kb2 56. Qe5+ Ka3 57. Qa1+ Kb4 58. Qd4+ Kb3 59. Qd1+ Kb4 1/2-1/2

[Event "CAN-ch U20 2000"]
[Site "Montreal CAN"]
[Date "2000.05.05"]
[Round "5"]
[White "Bluvshtein, Mark"]
[Black "Ramaswamy, Kishor"]
[Result "1-0"]
[WhiteElo "2283"]
[BlackElo "1525"]
[PlyCount "67"]
[GameId "2160767911724434"]
[EventDate "2000.05.03"]
[EventType "swiss"]
[EventRounds "8"]
[EventCountry "CAN"]

1. e4 c6 2. d4 d5 3. Nd2 dxe4 4. Nxe4 Bf5 5. Ng3 Bg6 6. Nf3 Nd7 7. h4 h6 8. h5 Bh7 9. Bd3 Bxd3 10. Qxd3 Ngf6 11. Bd2 Qc7 12. O-O-O e6 13. Rhe1 O-O-O 14. Qe2 Be7 15. c4 c5 16. d5 Bd6 17. dxe6 fxe6 18. Ne4 Nxe4 19. Qxe4 e5 20. Bc3 Rde8 21. Qd5 e4 22. Rxe4 Rxe4 23. Qxe4 Kb8 24. Qe6 Bf4+ 25. Kb1 Nb6 26. g3 Rd8 27. Rxd8+ Qxd8 28. Kc2 Bc7 29. Bxg7 Nc8 30. Ne5 Qg5 31. Nd7+ Ka8 32. Be5 Bxe5 33. Qxe5 Qg4 34. Qb8# 1-0

[Event "CAN-ch U20 2000"]
[Site "Montreal CAN"]
[Date "2000.05.05"]
[Round "5"]
[White "Buscar, Michael"]
[Black "Hare, Scott"]
[Result "1-0"]
[WhiteElo "2081"]
[BlackElo "1967"]
[PlyCount "113"]
[GameId "2160767911724435"]
[EventDate "2000.05.03"]
[EventType "swiss"]
[EventRounds "8"]
[EventCountry "CAN"]

1. d4 Nf6 2. Nf3 d5 3. Bg5 e6 4. Nbd2 c5 5. c3 Nbd7 6. e3 cxd4 7. exd4 Be7 8. Bd3 O-O 9. O-O Ne8 10. Bxe7 Qxe7 11. Re1 Nd6 12. Ne5 Nxe5 13. dxe5 Nf5 14. Bxf5 exf5 15. Nb3 Be6 16. f4 b5 17. Qd4 Rac8 18. Nd2 Rc7 19. a3 Rfc8 20. Rec1 a5 21. g3 b4 22. axb4 axb4 23. Ra4 bxc3 24. Rxc3 Rxc3 25. bxc3 g6 26. Ra7 Qc5 27. Qxc5 Rxc5 28. Ra3 d4 29. cxd4 Rc1+ 30. Kf2 Rh1 31. h4 Rh2+ 32. Ke1 Rh1+ 33. Ke2 Rh2+ 34. Kd1 Rh1+ 35. Kc2 Rg1 36. Rd3 Bd5 37. Kc3 Kf8 38. Kb4 Ke7 39. Rc3 Ke6 40. Kc5 Rd1 41. Nc4 Bxc4 42. Kxc4 f6 43. exf6 Kxf6 44. d5 Ke7 45. Kc5 Kd7 46. Ra3 Rc1+ 47. Kd4 Rd1+ 48. Ke5 Re1+ 49. Kf6 Kd6 50. Rd3 Re7 51. h5 gxh5 52. Kxf5 Re1 53. Kg5 Rh1 54. f5 Rf1 55. f6 Rf2 56. Rd4 Rf1 57. Rf4 1-0